000
00322nam a2200133Ia 4500
008
191201s2013 xx 000 0 und d
082
_a
004.0151
_b
RAC
100
_a
RAJARAMAN, V
245
0
_a
Computer Oriented Numerical Methods
250
_a
3rd
260
_c
2013
_b
PHI
_a
NEW DELHI
300
_a
196
942
_2
ddc
_c
BK
_0
30
999
_c
7764
_d
7764